AORN journal
| Título anterior: | OR nursing |
|---|---|
| Autores Corporativos: | , |
| Formato: | Electrónico Revista |
| Lenguaje: | inglés |
| Publicado: |
[Denver, Colo., etc.] :
[Association of Operating Room Nurses]
Amsterdam : Elsevier Hoboken, NJ : Wiley |
| Materias: | |
| Acceso en línea: | Full text available from Research Library: 01/01/1998 to 2 months ago |
MARC
| LEADER | 00000nas a2200000 a 4500 | ||
|---|---|---|---|
| 001 | ssj0000325 | ||
| 003 | WaSeSS | ||
| 005 | 20200512172242.0 | ||
| 006 | m d | ||
| 007 | cr n | ||
| 008 | 050614c19639999njumr pss 0 a0eng c | ||
| 010 | |a 2007247503 | ||
| 016 | 7 | |a 013550603 |2 Uk | |
| 022 | |a 1878-0369 |l 0001-2092 |y 0001-2092 | ||
| 030 | |a AOJOEL | ||
| 035 | |a (WaSeSS)ssj0000325 | ||
| 040 | |a OCLCS |b eng |c OCLCS |d MUQ |d EXW |d FQM |d SBH |d OCLCQ |d GUA |d OCLCQ |d OPELS |d OCLCF |d OCLCQ |d OCLCE |d MUX |d HTM |d OCLCQ |d OCLCO |d NLE |d VT2 |d BUF |d NLM |d IAV |d U3W |d UOK |d VVJ |d UKMGB |d WaSeSS | ||
| 042 | |a pcc |a dlr | ||
| 050 | 4 | |a RD99.A1 |b O22 | |
| 060 | 4 | |a W1 |b A142 | |
| 082 | 0 | 4 | |a 610.736705 |
| 130 | 0 | |a AORN journal (Online) | |
| 210 | 0 | |a AORN j. |b (Online) | |
| 222 | 0 | |a AORN journal |b (Online) | |
| 245 | 1 | 0 | |a AORN journal |h [electronic resource]. |
| 246 | 3 | |a Association of Operating Room Nurses journal | |
| 260 | |a [Denver, Colo., etc.] : |b [Association of Operating Room Nurses] | ||
| 260 | 2 | |a Amsterdam : |b Elsevier | |
| 260 | 3 | |a Hoboken, NJ : |b Wiley | |
| 310 | |a Monthly | ||
| 362 | 1 | |a Print began with v. 1 in Jan./Feb. 1963. | |
| 500 | |a Published: [Amsterdam] : Elsevier, 2007- | ||
| 506 | |a License restrictions may limit access. | ||
| 538 | |a Master and use copy. Digital master created according to Benchmark for Faithful Digital Reproductions of Monographs and Serials, Version 1. Digital Library Federation, December 2002. |u http://purl.oclc.org/DLF/benchrepro0212 |5 MiAaHDL | ||
| 550 | |a Official journal of the Association of Operating Room Nurses, 1963-<1999>; of AORN, <1999->. | ||
| 580 | |a Original print version of this title was preceded by an earlier title called: OR nursing. | ||
| 583 | 1 | |a digitized |c 2011 |h HathiTrust Digital Library |l committed to preserve |2 pda |5 MiAaHDL | |
| 588 | |a Description based on print version record. | ||
| 588 | |a Latest issue consulted: Vol. 84, issue 6 (Dec. 2006) (ScienceDirect, viewed Jan. 9, 2007). | ||
| 650 | 0 | |a Operating room nursing |v Periodicals. | |
| 650 | 6 | |a Soins infirmiers en salle d'opération |v Périodiques. | |
| 650 | 7 | |a Operating room nursing. |2 fast |0 (OCoLC)fst01046255 | |
| 650 | 1 | 7 | |a Chirurgie (geneeskunde) |2 gtt |
| 650 | 1 | 7 | |a Operatieassistenten. |2 gtt |
| 650 | 1 | 7 | |a Verpleging. |2 gtt |
| 650 | 7 | |a Salle d'opération. |2 rasuqam | |
| 650 | 7 | |a Soins infirmiers. |2 rasuqam | |
| 650 | 2 | |a Nursing |v Periodicals. | |
| 650 | 2 | |a Operating Room Nursing |v Periodicals. | |
| 650 | 2 | |a Perioperative Nursing |v Periodicals. | |
| 650 | 2 | |a Societies, Nursing |v Periodicals. | |
| 653 | 0 | |a Health | |
| 655 | 0 | |a Electronic journals. | |
| 710 | 2 | |a Association of Operating Room Nurses. | |
| 710 | 2 | |a AORN. | |
| 770 | 0 | |t Operating room product directory |g 1990- | |
| 776 | 0 | 8 | |i Print version: |a Association of Operating Room Nurses. |t AORN journal |x 0001-2092 |w (DLC) 67004489 |w (OCoLC)1460484 |
| 780 | 0 | 0 | |t OR nursing |
| 856 | 4 | 0 | |z Full text available from Research Library: 01/01/1998 to 2 months ago |u https://search.proquest.com/publication/47507 |